[Event "FRA-chT U20 16 GP Basse 1213"]
[Site "France"]
[Date "2013.05.19"]
[Round "9"]
[White "Sansone, Adam"]
[Black "Huang, Kelu"]
[Result "0-1"]
[WhiteElo "1380"]
[BlackElo "1340"]
[PlyCount "86"]
[EventDate "2012.12.01"]
[EventType "team"]
[EventRounds "11"]
[EventCountry "FRA"]
[SourceTitle "EXT 2014"]
[Source "ChessBase"]
[SourceDate "2013.11.20"]
[SourceVersion "1"]
[SourceVersionDate "2013.11.20"]
[SourceQuality "1"]
[WhiteTeam "Villepinte (U20)"]
[BlackTeam "Grenoble (U20)"]
[WhiteTeamCountry "FRA"]
[BlackTeamCountry "FRA"]

1. e4 e6 2. d4 d5 3. e5 c5 4. c3 Nc6 5. Be3 c4 6. Nf3 Nge7 7. Be2 Bd7 8. 0-0 Ng6 9. Re1 Be7 10. Nbd2 0-0 11. Qc2 a6 12. b3 cxb3 13. axb3 Nh4 14. Bd3 h6 15. Ra2 Rc8 16. Rb1 Nb4 17. Qb2 Nxa2 18. Qxa2 Rxc3 19. Be2 Nxf3+ 20. Nxf3 Qc7 21. Rb2 Rc8 22. Bd1 Bb5 23. h3 Bd3 24. Ne1 Bf5 25. Bd2 Rc6 26. Ba5 Qb8 27. Bd2 Bg5 28. f4 Be7 29. Kh1 Be4 30. Bf3 Bxf3 31. Nxf3 Qc7 32. Ne1 Bh4 33. Nf3 Bg3 34. Qb1 Rc2 35. Qxc2 Qxc2 36. Rxc2 Rxc2 37. b4 Ra2 38. Bc3 Rc2 39. Bd2 Rb2 40. Bc3 Rb1+ 41. Ng1 Bf2 42. Kh2 Bxg1+ 43. Kg3 Rb3 0-1

[Event "FRA-chT U20 16 GP Basse 1213"]
[Site "France"]
[Date "2013.05.18"]
[Round "8"]
[White "Gehan, Clement"]
[Black "Huang, Kelu"]
[Result "1-0"]
[WhiteElo "1210"]
[BlackElo "1340"]
[PlyCount "119"]
[EventDate "2012.12.01"]
[EventType "team"]
[EventRounds "11"]
[EventCountry "FRA"]
[SourceTitle "EXT 2014"]
[Source "ChessBase"]
[SourceDate "2013.11.20"]
[SourceVersion "1"]
[SourceVersionDate "2013.11.20"]
[SourceQuality "1"]
[WhiteTeam "Saint Mande U20"]
[BlackTeam "Grenoble (U20)"]
[WhiteTeamCountry "FRA"]
[BlackTeamCountry "FRA"]

1. e4 c5 2. Nc3 d6 3. Bc4 Nf6 4. d3 g6 5. f4 Bg7 6. Nf3 Bg4 7. 0-0 Nbd7 8. Qe1 0-0 9. Qh4 Bxf3 10. Rxf3 a6 11. f5 Ne5 12. Rh3 Nxc4 13. dxc4 Qe8 14. Bg5 h5 15. Bxf6 Bxf6 16. Qf4 Bd4+ 17. Kf1 Bg7 18. g4 Rc8 19. gxh5 gxh5 20. Rg3 f6 21. Qh6 Qf7 22. Nd5 Rc6 23. Qg6 Qxg6 24. Nxe7+ Kf7 25. Nxg6 Re8 26. Re1 Bh6 27. Kg2 Bg5 28. Kh3 Rg8 29. Rb3 Rc7 30. Rd1 Rd8 31. Rb6 Rcd7 32. Kg3 Kg7 33. h4 Bh6 34. b4 Kf7 35. bxc5 dxc5 36. Rxb7 Ke8 37. Rdxd7 Rxd7 38. Rxd7 Kxd7 39. Kf2 Bg7 40. Nf4 Kd6 41. Nxh5 Bh8 42. Kf3 Ke5 43. Ng3 Kd6 44. h5 Ke7 45. Kg4 Kf7 46. h6 Kg8 47. Kh5 Kh7 48. Ne2 a5 49. Nf4 a4 50. Nd5 Bg7 51. hxg7 Kxg7 52. Nb6 a3 53. Na4 Kf8 54. Nxc5 Ke7 55. Nb3 Kd6 56. c5+ Ke5 57. c6 Kd6 58. Na5 Ke7 59. Kg6 Kd6 60. Kxf6 1-0

[Event "FRA-chT U20 GpA 1213"]
[Site "France"]
[Date "2013.01.06"]
[Round "7"]
[White "Huang, Kelu"]
[Black "Quan, Leya"]
[Result "1/2-1/2"]
[WhiteElo "1340"]
[BlackElo "1160"]
[PlyCount "132"]
[EventDate "2012.12.01"]
[EventType "team"]
[EventRounds "7"]
[EventCountry "FRA"]
[SourceTitle "EXT 2014"]
[Source "ChessBase"]
[SourceDate "2013.11.20"]
[SourceVersion "1"]
[SourceVersionDate "2013.11.20"]
[SourceQuality "1"]
[WhiteTeam "Grenoble (U20)"]
[BlackTeam "Mulhouse (U20)"]
[WhiteTeamCountry "FRA"]
[BlackTeamCountry "FRA"]

1. e4 c5 2. Nf3 Nc6 3. Nc3 g6 4. d4 cxd4 5. Nxd4 Bg7 6. Be3 d6 7. Bb5 Bd7 8. Qd2 a6 9. Nxc6 Bxc6 10. Bxc6+ bxc6 11. 0-0-0 Nf6 12. f3 0-0 13. Rhe1 Qc7 14. h3 Rfd8 15. Bh6 Rab8 16. Bxg7 Kxg7 17. Ne2 Qb6 18. c3 a5 19. Nf4 e5 20. Nd3 a4 21. g4 d5 22. exd5 Rxd5 23. Qc2 Qa5 24. g5 Nd7 25. Rd2 Nb6 26. c4 Rd4 27. Nxe5 Rxd2 28. Qxd2 Qc5 29. Qe3 Qxe3+ 30. Rxe3 Re8 31. Kd2 Rxe5 32. Rxe5 Nxc4+ 33. Kd3 Nxe5+ 34. Kd4 Nxf3+ 35. Kc5 Nxg5 36. Kxc6 Nxh3 37. b4 axb3 38. axb3 g5 39. b4 g4 40. b5 g3 41. b6 g2 42. b7 g1Q 43. b8Q Qc1+ 44. Kd7 Qd2+ 45. Ke8 Qe3+ 46. Kd7 Qd4+ 47. Kc6 Qc4+ 48. Kd7 Qd5+ 49. Kc8 Qc6+ 50. Kd8 Qd5+ 51. Kc8 Qc5+ 52. Kd7 Qf5+ 53. Kc6 Qe4+ 54. Kd7 Qd5+ 55. Kc8 Qe6+ 56. Kd8 Qf6+ 57. Kc8 Qc6+ 58. Kd8 Qd5+ 59. Kc8 Qe6+ 60. Kd8 Qf6+ 61. Kc8 Qc6+ 62. Kd8 Qd5+ 63. Kc8 Qe6+ 64. Kd8 Qd5+ 65. Kc8 Qc5+ 66. Kd7 Qd5+ 1/2-1/2

[Event "FRA-chT U20 GpA 1213"]
[Site "France"]
[Date "2013.01.05"]
[Round "6"]
[White "Buyukyalcin Moussa, Elyes"]
[Black "Huang, Kelu"]
[Result "1-0"]
[WhiteElo "1440"]
[BlackElo "1340"]
[PlyCount "102"]
[EventDate "2012.12.01"]
[EventType "team"]
[EventRounds "7"]
[EventCountry "FRA"]
[SourceTitle "EXT 2014"]
[Source "ChessBase"]
[SourceDate "2013.11.20"]
[SourceVersion "1"]
[SourceVersionDate "2013.11.20"]
[SourceQuality "1"]
[WhiteTeam "Bischwiller (U20)"]
[BlackTeam "Grenoble (U20)"]
[WhiteTeamCountry "FRA"]
[BlackTeamCountry "FRA"]

1. e4 c5 2. Nf3 d6 3. d4 cxd4 4. Nxd4 Nf6 5. Nc3 g6 6. Be3 Bg7 7. Be2 0-0 8. 0-0 Bd7 9. Qd2 Re8 10. Bh6 Nc6 11. Bxg7 Kxg7 12. Kh1 Rc8 13. f4 e6 14. Ndb5 Qe7 15. Nxd6 Red8 16. Nxc8 Bxc8 17. Qe3 Nd4 18. Bd3 Ng4 19. Qg3 Nf6 20. f5 e5 21. fxg6 fxg6 22. Qh4 Rf8 23. Nd5 Nxd5 24. Qxe7+ Nxe7 25. Rxf8 Kxf8 26. Rf1+ Kg7 27. c3 Ndc6 28. Bc4 Nd8 29. b4 Be6 30. Bxe6 Nxe6 31. Rd1 Nf8 32. g3 Nc6 33. Kg2 Kf6 34. Kf3 Ke6 35. Kg4 h6 36. h4 Nd7 37. Kf3 Nb6 38. b5 Ne7 39. g4 Nc4 40. Ke2 g5 41. hxg5 hxg5 42. Kf3 Nb6 43. Ke3 Nc4+ 44. Kf3 Ng6 45. Kf2 Nd6 46. Ke3 Nc4+ 47. Kf3 Nh4+ 48. Kf2 Ng2 49. Rh1 Nh4 50. Rd1 Na3 51. Rd5 Ng6 1-0

[Event "FRA-chT U20 GpA 1213"]
[Site "France"]
[Date "2013.01.05"]
[Round "5"]
[White "Huang, Kelu"]
[Black "Charbonnel, Christophe"]
[Result "1-0"]
[WhiteElo "1340"]
[BlackElo "1240"]
[PlyCount "57"]
[EventDate "2012.12.01"]
[EventType "team"]
[EventRounds "7"]
[EventCountry "FRA"]
[SourceTitle "EXT 2014"]
[Source "ChessBase"]
[SourceDate "2013.11.20"]
[SourceVersion "1"]
[SourceVersionDate "2013.11.20"]
[SourceQuality "1"]
[WhiteTeam "Grenoble (U20)"]
[BlackTeam "Vandoeuvre U20"]
[WhiteTeamCountry "FRA"]
[BlackTeamCountry "FRA"]

1. e4 d6 2. d4 Nf6 3. Nc3 g6 4. Nf3 Bg7 5. Bf4 0-0 6. Bc4 Bg4 7. h3 Bxf3 8. Qxf3 Nbd7 9. 0-0-0 c6 10. Rhe1 e5 11. dxe5 dxe5 12. Bxe5 Qe7 13. Bd6 Qe8 14. Bxf8 Bxf8 15. Qe2 b5 16. Bb3 Bh6+ 17. Kb1 a5 18. Nxb5 cxb5 19. Qxb5 Bg7 20. e5 Nh5 21. Qxd7 Qxd7 22. Rxd7 Nf4 23. Rxf7 Nxg2 24. Ra7+ Kf8 25. Rxa8+ Ke7 26. Ra7+ Kf8 27. Rd1 Ke8 28. Bf7+ Kf8 29. Rd8# 1-0

[Event "FRA-chT U20 GpA 1213"]
[Site "France"]
[Date "2012.12.02"]
[Round "2"]
[White "Huang, Kelu"]
[Black "Lomandong, Marc Antoine"]
[Result "0-1"]
[WhiteElo "1340"]
[BlackElo "1603"]
[PlyCount "78"]
[EventDate "2012.12.01"]
[EventType "team"]
[EventRounds "7"]
[EventCountry "FRA"]
[SourceTitle "EXT 2014"]
[Source "ChessBase"]
[SourceDate "2013.11.20"]
[SourceVersion "1"]
[SourceVersionDate "2013.11.20"]
[SourceQuality "1"]
[WhiteTeam "Grenoble (U20)"]
[BlackTeam "Monaco (U20)"]
[WhiteTeamCountry "FRA"]
[BlackTeamCountry "FRA"]

1. e4 e5 2. Nf3 Nc6 3. Bc4 Be7 4. c3 Nf6 5. Qc2 0-0 6. 0-0 d6 7. Re1 h6 8. d4 Bg4 9. Nbd2 a6 10. h3 Bh5 11. Qd3 Bg6 12. a3 Kh8 13. Nh4 Bh7 14. Qe3 Nh5 15. Nhf3 Nf4 16. d5 Nb8 17. Bb3 Nd7 18. Nc4 Bg5 19. Nxg5 Qxg5 20. Qg3 Qxg3 21. fxg3 Nd3 22. Re2 N7c5 23. Bc2 Bxe4 24. Be3 Bxd5 25. Bxd3 Nxd3 26. Nd2 Nxb2 27. Rb1 Nd3 28. Nb3 Bxb3 29. Rxb3 b6 30. Rd2 e4 31. Rb1 d5 32. Rbd1 f5 33. g4 f4 34. Bf2 c5 35. Kf1 d4 36. Ra2 e3 37. Be1 Rae8 38. Re2 Rf7 39. Bd2 Ref8 0-1

[Event "FRA-chT U20 GpA 1213"]
[Site "France"]
[Date "2012.12.01"]
[Round "1"]
[White "Christien, Vincent"]
[Black "Huang, Kelu"]
[Result "1-0"]
[WhiteElo "1424"]
[BlackElo "1340"]
[PlyCount "69"]
[EventDate "2012.12.01"]
[EventType "team"]
[EventRounds "7"]
[EventCountry "FRA"]
[SourceTitle "EXT 2014"]
[Source "ChessBase"]
[SourceDate "2013.11.20"]
[SourceVersion "1"]
[SourceVersionDate "2013.11.20"]
[SourceQuality "1"]
[WhiteTeam "Cannes (U20)"]
[BlackTeam "Grenoble (U20)"]
[WhiteTeamCountry "FRA"]
[BlackTeamCountry "FRA"]

1. e4 c5 2. Nf3 d6 3. d4 cxd4 4. Qxd4 Nf6 5. Nc3 g6 6. Bg5 Bg7 7. Qd3 0-0 8. 0-0-0 Nc6 9. Qd2 Re8 10. h3 Bd7 11. e5 Nh5 12. exd6 Bc8 13. d7 Qxd7 14. Qxd7 Bxd7 15. Rxd7 Rad8 16. Rxb7 Bf6 17. Bxf6 exf6 18. Bb5 Rd6 19. Rxa7 Red8 20. Ra6 Nd4 21. Rxd6 Rxd6 22. Nxd4 Rxd4 23. g3 f5 24. Rd1 Rxd1+ 25. Kxd1 Kg7 26. a4 Kf8 27. a5 Nf6 28. a6 Ne8 29. a7 Nc7 30. Nd5 Nxb5 31. a8Q+ Kg7 32. Qb8 Nd4 33. Qe5+ Kh6 34. Qxd4 Kh5 35. Qh4# 1-0